Bezohledná
Saved in:
| Main Author | |
|---|---|
| Format | Electronic eBook |
| Language | Czech |
| Published |
Yoli
2025
|
| Edition | 1. elektronické vydání |
| Subjects | |
| Online Access | Dostupné v BOOKPORT po přihlášení pomocí eduID |
| ISBN | 978-80-284-0854-1 978-80-284-0661-5 |
| Physical Description | 1 online zdroj (360 stran) |
Cover
| LEADER | 00000nam a2200000 i 4500 | ||
|---|---|---|---|
| 001 | bkp601840850 | ||
| 003 | CZ-prgp | ||
| 005 | 20260511114216.0 | ||
| 006 | m o d | ||
| 007 | cr cn | ||
| 008 | 260511s2025 xr o 000 1 cze | ||
| 020 | |a 978-80-284-0854-1 |c 359 Kč |q (online ; epub) | ||
| 020 | |a 978-80-284-0661-5 |c 359 Kč |q (print) | ||
| 040 | |a Grada |b cze |e rda | ||
| 100 | 1 | |a Lauren, Roberts | |
| 245 | 1 | 0 | |a Bezohledná |c Roberts Lauren |
| 250 | |a 1. elektronické vydání | ||
| 264 | 1 | |b Yoli |c 2025 | |
| 300 | |a 1 online zdroj (360 stran) | ||
| 336 | |a text |b txt |2 rdacontent | ||
| 337 | |a počítač |b c |2 rdamedia | ||
| 338 | |a online zdroj |b cr |2 rdacarrier | ||
| 520 | 3 | |a Království Ilya právě potlačilo povstání Odboje, ale klid nezavládl. Paedyn Grayová, patřící k Obyčejným, přežila Očistné zkoušky a poté, co v sebeobraně zabila krále, je na útěku před tím, komu začala až příliš důvěřovat. Kai Azer je nyní ilyjským Vymahatelem. Novým králem se stal jeho bratr Kitt, který ho pověřil, aby Paedyn našel a přivedl mu ji. Kai stopuje Paedyn přes nebezpečnou poušť Spáleniště do útrob nepřátelského města Dor a v hloubi duše si přeje, aby ji pronásledovat nemusel. Ve městě, kde Elity nic neznamenají, se však role lovce a kořisti mohou snadno měnit - a vnitřní souboj mezi touhou a smyslem pro povinnost může být smrtelný. | |
| 650 | 0 | 4 | |a Young Adult, New Adult |
| 650 | 0 | 4 | |a Beletrie pro děti |
| 856 | 4 | 0 | |u https://www.bookport.cz/AccountSaml/SignIn/?idp=https://shibboleth.utb.cz/idp/shibboleth&returnUrl=/kniha/bezohledna-16064/ |y Dostupné v BOOKPORT po přihlášení pomocí eduID |